000 00364nam a2200121Ia 4500
008 220901s9999||||xx |||||||||||||| ||und||
082 _a670 MAL
100 _aMallikarjun, G.
_914088
245 0 _aManufacturing technology today
250 _aVol. 18 Issue. 10,11 &12
260 _bCentral Manufacturing Technology Institute
_c2019
650 _aProduction Technology
999 _c194134
_d194134